LEADER 01593nam a2200325 u 4500 001 000000074796 003 CaOOAMICUS 005 20070226123029.0 008 021218s2001 gw u000 u ger u 020 $a352556211X 035 $a10949109 040 $aPUL$bita 100 1 $aAssel, Heinrich.$0(OLS)http://pul/name/49494 245 10$aGeheimnis und Sakrament :$bdie Theologie des göttlichen Namens bei Kant, Cohen und Rosenzweig /$cHeinrich Assel. 260 $aGöttingen :$bVandenhoeck & Ruprecht,$cc2001. 300 $axii, 412 p. ;$c22 cm 490 1 $aForschungen zur systematischen und ökumenischen Theologie ;$vBd 98 500 $aContiene indice analitico. 504 $aBibliografia in appendice. 650 4$aTeologia$xCritica e interpretazione.$0(OLS)http://pul/subject/8641 830 0$aForschungen zur systematischen und ökumenischen Theologie ;$vBd 98.$0(OLS)http://pul/title/97968 850 $aPUL 852 $aPUL$W1$xDP1 Altre Collocazioni$y17$mSenza collocazione$j12$nBK-PRI$b $qStampati$B96400$CPULBib$Z2$F96400 $H $81 852 $aPUL$W1$xSL Religione 1$y3$m59 L 98$j96401$nBK-PRI$b $qStampati$B96401$CPULBib$Z2$F96401 $H $81 941 1 $a8 961 $aINV: 88152 961 $aINV: 88117 996 $6020$a352556211X$9(OLS)http://pul/number/97261 996 $6245$aGeheimnis und Sakrament :$bdie Theologie des göttlichen Namens bei Kant, Cohen und Rosenzweig$9(OLS)http://pul/title/98145 996 $6260$aGöttingen :$bVandenhoeck & Ruprecht$9(OLS)http://pul/publisher/47973 LEADER 01427nam a2200325 a 4500 001 000000173903 003 CaOOAMICUS 005 20201029145802.0 008 201029s2017 be 001 u fre r 020 $a978-90-429-3492-4* 032 $aLibriCat 040 $aPUL$bita 041 0 $afre$agrc 100 1 $aPialoux, Luc.$0(OLS)http://pul/name/111738 245 12$aL'Épître aux Philippiens :$bl'Évangile du don et de l'amitié / $cpar Luc Pialoux. 260 $aLeuven ; Paris ; Bristol, CT :$bPeeters,$c2017. 300 $a487 p. ;$c25 cm.$b$e 490 1 $aEtudes bibliques$aNouvelle série ;$v75 504 $a"Bibliographie" in nota e alle p. 471-487. 546 $aTesto in francese con passi in greco. 630 04$aBiblia.$pN.T.$pAd Philippenses.$0(OLS)http://pul/subject/15112 650 4$aAmicizia (Teologia).$0(OLS)http://pul/subject/40883 830 0$aEtudes bibliques.$pNouvelle série ;$v75.$0(OLS)http://pul/title/41897 850 $aPUL 852 $aPUL$W1$xSL Religione 1$y3$m5 G 75 (N.S.)$j198037$qStampati$B202718$CPULBib$Z2$F202718 $H134461 $82 941 1 $a8 996 $6020$a978-90-429-3492-4*$9(OLS)http://pul/number/167790 996 $6245$aL'Épître aux Philippiens :$bl'Évangile du don et de l'amitié / $9(OLS)http://pul/title/215121 996 $6260$aLeuven ; Paris ; Bristol, CT :$bPeeters$9(OLS)http://pul/publisher/84895